<?xml version="1.0" encoding="UTF-8"?>
<record
    xmlns:xsi="http://www.w3.org/2001/XMLSchema-instance"
    xsi:schemaLocation="http://www.loc.gov/MARC21/slim http://www.loc.gov/standards/marcxml/schema/MARC21slim.xsd"
    xmlns="http://www.loc.gov/MARC21/slim">

  <leader>01421nam a2200229 u 4500</leader>
  <controlfield tag="001">2468</controlfield>
  <controlfield tag="003">CO-MdUADB</controlfield>
  <controlfield tag="005">20260428103445.0</controlfield>
  <controlfield tag="008">950525s1969                        spa  </controlfield>
  <datafield tag="035" ind1=" " ind2=" ">
    <subfield code="a">2468</subfield>
  </datafield>
  <datafield tag="035" ind1=" " ind2=" ">
    <subfield code="a">(OCoLC)778065279</subfield>
  </datafield>
  <datafield tag="040" ind1=" " ind2=" ">
    <subfield code="c">comduadb</subfield>
  </datafield>
  <datafield tag="041" ind1=" " ind2=" ">
    <subfield code="a">spa</subfield>
  </datafield>
  <datafield tag="082" ind1=" " ind2="4">
    <subfield code="a">882</subfield>
  </datafield>
  <datafield tag="100" ind1="1" ind2="0">
    <subfield code="a">S&#xF3;focles, </subfield>
    <subfield code="d">495 a. C. - 406 a. C</subfield>
    <subfield code="4">aut</subfield>
    <subfield code="0">(isni)0000 0001 2283 6085</subfield>
    <subfield code="0">(viaf)101760867</subfield>
    <subfield code="e">aut</subfield>
    <subfield code="9">298869</subfield>
  </datafield>
  <datafield tag="245" ind1="1" ind2="0">
    <subfield code="a">Ay&#xE1;x</subfield>
  </datafield>
  <datafield tag="260" ind1=" " ind2=" ">
    <subfield code="a">Barcelona:</subfield>
    <subfield code="b">Salvat,</subfield>
    <subfield code="c">1969;</subfield>
    <subfield code="b">Navarra.</subfield>
  </datafield>
  <datafield tag="300" ind1=" " ind2=" ">
    <subfield code="a">178 p&#xE1;ginas</subfield>
  </datafield>
  <datafield tag="505" ind1="8" ind2="0">
    <subfield code="t">Ant&#xED;gona</subfield>
  </datafield>
  <datafield tag="520" ind1="3" ind2=" ">
    <subfield code="a">RESUMEN: &#xC1;yax, tal vez la primera de las tragedias conservadas de S&#xF3;focles, es de tema hom&#xE9;rico y por su sencilla estructura se aproxima a&#xFA;n al estilo esquiliano. El h&#xE9;roe, resentido porque las armas de Aquiles se han otorgado a Odiseo, enloquece y descarga su ira contra un reba&#xF1;o de ovejas; al recuperar la cordura se siente avergonzado y culpable porque con su arrogancia ha enojado a los dioses. Desmesurado en su demencia, aparece en pugna con los principios morales y es v&#xED;ctima del pundonor y la pasi&#xF3;n. Menos po&#xE9;tico que Esquilo, S&#xF3;focles emplea un estilo m&#xE1;s claro y m&#xE1;s llano, con elegante ornamentaci&#xF3;n y dign&#xED;sima mesura, y en el di&#xE1;logo despliega una intensa vivacidad. Estos valores hicieron que los griegos vieran en S&#xF3;focles la realizaci&#xF3;n de su ideal literario y que reputaran como mod&#xE9;licas sus tragedias.</subfield>
  </datafield>
  <datafield tag="942" ind1=" " ind2=" ">
    <subfield code="c">BOOK</subfield>
    <subfield code="2">ddc</subfield>
  </datafield>
  <datafield tag="999" ind1=" " ind2=" ">
    <subfield code="c">805</subfield>
    <subfield code="d">805</subfield>
  </datafield>
  <datafield tag="952" ind1=" " ind2=" ">
    <subfield code="0">0</subfield>
    <subfield code="1">0</subfield>
    <subfield code="4">0</subfield>
    <subfield code="7">0</subfield>
    <subfield code="8">GENERAL</subfield>
    <subfield code="a">B_N</subfield>
    <subfield code="b">B_N</subfield>
    <subfield code="d">2005-10-31</subfield>
    <subfield code="i">C887011</subfield>
    <subfield code="l">0</subfield>
    <subfield code="o">883 S681a</subfield>
    <subfield code="p">0532778</subfield>
    <subfield code="r">2023-04-20 00:00:00</subfield>
    <subfield code="t">4</subfield>
    <subfield code="w">2023-04-20</subfield>
    <subfield code="y">BOOK</subfield>
  </datafield>
</record>
